[Event "Gaprindashvili Cup 2014"]
[Site "Tbilisi GEO"]
[Date "2014.09.12"]
[Round "4.1"]
[White "Pantsulaia, Levan"]
[Black "Baryshpolets, Andrey"]
[Result "1-0"]
[WhiteTitle "GM"]
[BlackTitle "GM"]
[WhiteElo "2590"]
[BlackElo "2540"]
[WhiteFideId "13602071"]
[BlackFideId "14117207"]
[EventDate "2014.09.09"]

1. Nf3 Nf6 2. g3 c5 3. Bg2 g6 4. c4 Bg7 5. O-O O-O 6. d4 Nc6 7. Nc3 d6 8. dxc5
dxc5 9. Be3 Be6 10. Qa4 Nd4 11. Bxd4 cxd4 12. Nb5 d3 13. exd3 Qxd3 14. Ne5 Qf5
15. Rae1 Ng4 16. Nxg4 Qxg4 17. Re4 Qf5 18. Nd4 Bxd4 19. Rxd4 Rab8 20. Qxa7 Qc2
21. b3 Ra8 22. Qxb7 Rxa2 23. h4 Rb2 24. Qxe7 Rxb3 25. h5 gxh5 26. Be4 Qb2 27.
Qg5+ Kh8 28. Qf6+ Kg8 29. Rfd1 Re8 30. Qg5+ Kf8 31. Qh6+ 1-0

[Event "Gaprindashvili Cup 2014"]
[Site "Tbilisi GEO"]
[Date "2014.09.12"]
[Round "4.2"]
[White "Arzumanyan, Hovhannes"]
[Black "Paichadze, Luka"]
[Result "0-1"]
[BlackTitle "GM"]
[WhiteElo "2137"]
[BlackElo "2543"]
[WhiteFideId "13303120"]
[BlackFideId "13602934"]
[EventDate "2014.09.09"]

1. e4 c6 2. d4 d5 3. Nc3 g6 4. Nf3 Bg7 5. h3 Nf6 6. Bd3 dxe4 7. Nxe4 Nxe4 8.
Bxe4 Bf5 9. Qd3 Bxe4 10. Qxe4 O-O 11. O-O e6 12. c4 Nd7 13. Bf4 Qb6 14. Rab1 c5
15. dxc5 Nxc5 16. Qe2 a5 17. Rfd1 Rfd8 18. Be5 f6 19. Bd4 e5 20. Bxc5 Qxc5 21.
Qe4 Qe7 22. g4 Kh8 23. Rd5 f5 24. gxf5 gxf5 25. Qxf5 Rf8 26. Qh5 Qf6 27. Ng5 Qf5
28. Rd7 Qxb1+ 29. Rd1 Qf5 30. Rd5 0-1

[Event "Gaprindashvili Cup 2014"]
[Site "Tbilisi GEO"]
[Date "2014.09.12"]
[Round "4.3"]
[White "Shahinyan, David"]
[Black "Shanava, Konstantine"]
[Result "0-1"]
[WhiteTitle "FM"]
[BlackTitle "GM"]
[WhiteElo "2383"]
[BlackElo "2550"]
[WhiteFideId "13304380"]
[BlackFideId "13601784"]
[EventDate "2014.09.09"]

1. e4 c5 2. Nc3 Nc6 3. g3 g6 4. Bg2 Bg7 5. d3 d6 6. Be3 Nf6 7. h3 Rb8 8. Qd2 b5
9. Nge2 b4 10. Nd1 h5 11. f4 Nd7 12. O-O h4 13. g4 Nd4 14. Nc1 Qa5 15. Bf2 Qa6
16. Ne3 Nb5 17. e5 dxe5 18. Nc4 Bb7 19. Bxb7 Qxb7 20. Re1 Qd5 21. Nb3 Nd4 22.
Bxd4 cxd4 23. Qe2 Rb5 24. a4 bxa3 25. Rxa3 O-O 26. Qg2 e6 27. fxe5 Nxe5 28. Qxd5
Rxd5 29. Nxe5 Bxe5 30. Rxa7 Bg3 31. Re2 Rc8 32. Kg2 Kg7 33. Kf3 Rd6 34. Na5 e5
35. g5 e4+ 36. dxe4 d3 37. cxd3 Rxd3+ 38. Re3 Rd2 39. Re2 Rd3+ 40. Re3 Rd1 41.
Rc3 Rcd8 42. e5 Rf1+ 43. Ke4 Rf4+ 44. Ke3 Rdd4 45. Re7 Rfe4+ 46. Kf3 Re1 47. Rc2
Rd3+ 48. Kg2 Rxe5 49. Rxe5 Bxe5 50. Nc6 Rg3+ 51. Kf1 Bd6 52. Rc3 Rxg5 53. b4
Rf5+ 54. Ke2 Rg5 55. Rc4 Rh5 56. Nd4 Re5+ 57. Kf3 Re1 58. b5 Rh1 59. Ke4 Rxh3
60. Kd5 Bg3 61. Rc3 Rh1 62. Rb3 Rd1 63. Ke4 h3 64. Rxg3 h2 65. Rh3 h1=Q+ 66.
Rxh1 Rxh1 67. Kd5 f5 68. b6 Kf6 69. b7 Rb1 70. Kc6 Rxb7 71. Kxb7 Ke5 72. Nf3+
Kf4 73. Nd4 Ke4 74. Ne6 f4 75. Ng5+ Ke3 76. Kc6 f3 77. Nh3 f2 0-1

[Event "Gaprindashvili Cup 2014"]
[Site "Tbilisi GEO"]
[Date "2014.09.12"]
[Round "4.4"]
[White "Babujian, Levon"]
[Black "Hayrapetyan, Artavazd R."]
[Result "1-0"]
[WhiteTitle "GM"]
[WhiteElo "2484"]
[BlackElo "2253"]
[WhiteFideId "13301993"]
[BlackFideId "13304240"]
[EventDate "2014.09.09"]

1. d4 Nf6 2. c4 e6 3. Nc3 Bb4 4. Nf3 b6 5. Bg5 Bb7 6. Nd2 h6 7. Bh4 Nc6 8. e3
Bxc3 9. bxc3 g5 10. Bg3 d6 11. h4 Rg8 12. hxg5 hxg5 13. Qa4 Qd7 14. Be2 Na5 15.
Qxd7+ Kxd7 16. f3 Rh8 17. O-O-O Ba6 18. Rhe1 Ke7 19. Kb2 Rac8 20. e4 Nh5 21. Bf2
Nf4 22. Bf1 Rh2 23. Bg1 Rh1 24. Be3 Rg8 25. Kc2 e5 26. g3 Nh5 27. Bf2 c5 28. Bd3
Rh2 29. Re2 cxd4 30. cxd4 exd4 31. Nb3 Nxc4 32. Nxd4 Rc8 33. Nf5+ Kf8 34. Kb3
Na5+ 35. Ka4 Bxd3 36. Rxd3 Nb7 37. Kb5 g4 38. f4 Nf6 39. Rdd2 Rxf2 40. Rxf2 Nxe4
41. Rc2 Rd8 42. Rh2 Nbc5 1-0

[Event "Gaprindashvili Cup 2014"]
[Site "Tbilisi GEO"]
[Date "2014.09.12"]
[Round "4.5"]
[White "Onischuk, Vladimir"]
[Black "Sibashvili, Giorgi"]
[Result "1/2-1/2"]
[WhiteTitle "GM"]
[WhiteElo "2593"]
[BlackElo "2335"]
[WhiteFideId "14114038"]
[BlackFideId "13602799"]
[EventDate "2014.09.09"]

1. e4 e6 2. d4 d5 3. Nc3 Bb4 4. exd5 exd5 5. Bd3 Nf6 6. a3 Bxc3+ 7. bxc3 O-O 8.
Ne2 c5 9. dxc5 Nbd7 10. Be3 Qe7 11. O-O Nxc5 12. Ng3 Bg4 13. Qc1 Nfe4 14. Re1
Nxd3 15. cxd3 Nxg3 16. hxg3 Qd7 17. Bc5 Rfe8 18. Rxe8+ Qxe8 19. Qg5 Qe6 20. Bxa7
h6 21. Qf4 Bf5 22. Bd4 f6 23. Qc7 Qc6 24. Qxc6 bxc6 25. a4 Bxd3 26. a5 Kf7 27.
Bc5 Ba6 28. Re1 Re8 29. Rxe8 Kxe8 30. f3 h5 31. Kf2 Kd7 32. Bf8 g6 33. Bc5 Bd3
34. Bd4 Ke6 35. Ke1 Bc4 36. Kd2 Kd6 37. Bxf6 c5 38. Ke3 Bf1 39. Bd8 Kc6 40. Kf2 1/2-1/2

[Event "Gaprindashvili Cup 2014"]
[Site "Tbilisi GEO"]
[Date "2014.09.12"]
[Round "4.6"]
[White "Lomsadze, Davit"]
[Black "Fier, Alexandr"]
[Result "0-1"]
[BlackTitle "GM"]
[WhiteElo "2336"]
[BlackElo "2579"]
[WhiteFideId "13603450"]
[BlackFideId "2107139"]
[EventDate "2014.09.09"]

1. g3 d5 2. Bg2 g6 3. Nf3 Bg7 4. O-O Nf6 5. d3 O-O 6. Nc3 d4 7. Na4 e5 8. c4 Re8
9. b4 e4 10. Nd2 e3 11. fxe3 Ng4 12. Nf3 Nxe3 13. Bxe3 Rxe3 14. Rb1 Nc6 15. b5
Ne7 16. Nc5 Nf5 17. Ne4 Qe7 18. Kh1 Bd7 19. Qd2 Re8 20. Ng1 h5 21. Qb4 Qd8 22.
Qa5 h4 23. g4 R8xe4 24. gxf5 Rg4 25. fxg6 Rxg6 26. Bxb7 h3 27. Qxa7 Qg5 28. Rf2
c6 29. Nf3 Rxf3 30. exf3 Qe3 31. Rbf1 Rg2 32. Qb8+ Kh7 33. Rxg2 hxg2+ 34. Kxg2
Be5 35. Qd8 Qh6 36. f4 Bh3+ 37. Kh1 Bxf4 38. Rf2 Qh5 0-1

[Event "Gaprindashvili Cup 2014"]
[Site "Tbilisi GEO"]
[Date "2014.09.12"]
[Round "4.7"]
[White "Morchiashvili, Bachana"]
[Black "Azaladze, Shota"]
[Result "0-1"]
[WhiteTitle "IM"]
[BlackTitle "IM"]
[WhiteElo "2327"]
[BlackElo "2498"]
[WhiteFideId "13602535"]
[BlackFideId "13603027"]
[EventDate "2014.09.09"]

1. d4 Nf6 2. c4 g6 3. Nc3 c5 4. d5 Bg7 5. Nf3 O-O 6. e4 e6 7. Bd3 exd5 8. cxd5
d6 9. h3 b5 10. Nxb5 Nxe4 11. O-O a6 12. Nc3 Nxc3 13. bxc3 Bxc3 14. Rb1 Nd7 15.
Bf4 Ne5 16. Nxe5 dxe5 17. Bh6 Re8 18. Qf3 Bd4 19. d6 Ra7 20. Rb8 Qxd6 21. Rfb1
Qe7 22. Be4 Qh4 23. Bc6 Rd8 24. Bd2 Kg7 25. g3 Qe7 26. h4 h6 27. h5 gxh5 28. Ba5
Rf8 29. Qxh5 Qf6 30. Rxc8 Rxc8 31. Qg4+ Qg6 32. Qxc8 Qxb1+ 33. Kg2 Qg6 34. Bb6
Re7 35. Bd8 Re6 36. Bd7 Rd6 37. Be7 Rxd7 38. Qxd7 Qe4+ 39. Kh2 Qf3 40. Qc8 Qxf2+
41. Kh3 Qf1+ 42. Kg4 Qd1+ 43. Kh4 Qh1+ 44. Kg4 h5+ 0-1

[Event "Gaprindashvili Cup 2014"]
[Site "Tbilisi GEO"]
[Date "2014.09.13"]
[Round "5.2"]
[White "Shanava, Konstantine"]
[Black "Babujian, Levon"]
[Result "1/2-1/2"]
[WhiteTitle "GM"]
[BlackTitle "GM"]
[WhiteElo "2550"]
[BlackElo "2484"]
[WhiteFideId "13601784"]
[BlackFideId "13301993"]
[EventDate "2014.09.09"]

1. e4 e5 2. Nf3 Nc6 3. Bc4 Nf6 4. d3 Bc5 5. O-O d6 6. c3 Bb6 7. Bb3 Be6 8. Bc2
O-O 9. Nbd2 d5 10. h3 h6 11. Re1 dxe4 12. dxe4 Nh5 13. Nh2 Qh4 14. Qf3 Ne7 15.
Bb3 Bxb3 16. Nxb3 f5 17. Be3 fxe4 18. Qg4 Qxf2+ 19. Bxf2 Bxf2+ 20. Kh1 Ng3+ 21.
Qxg3 Bxg3 22. Rxe4 Rf2 23. Nf1 Nf5 24. Rb1 Re8 25. Kg1 Rf4 26. Nxg3 Nxg3 27. Re3
Nf5 28. Re2 e4 29. Rbe1 h5 30. Rf2 g5 31. Nd4 Nxd4 32. cxd4 e3 33. Rc2 c6 34.
Rc5 h4 35. Rxg5+ Kf7 36. Rf1 Re4 37. Rxf4+ Rxf4 38. Re5 Rxd4 39. Rxe3 Rd2 40.
Rf3+ Ke6 41. Rf2 Rd1+ 42. Kh2 Rd3 43. Re2+ Kd6 44. Kg1 b5 45. Kf2 c5 46. Ke1 a5
47. Re4 Rd4 48. Re3 Rb4 49. b3 a4 50. g3 a3 51. Kd2 Rd4+ 52. Kc2 Kd5 53. gxh4
Rxh4 54. Rd3+ Kc6 55. Rg3 b4 56. Rd3 Rh5 57. Kb1 Rf5 58. Rd1 Rf4 59. Ka1 Rh4 60.
Rd3 Rh5 61. Kb1 Kb5 62. Ka1 Kb6 63. Kb1 Kc6 64. Ka1 Rf5 65. Rd1 Rf4 66. Kb1 Re4
67. Ka1 Kb5 68. Kb1 Rf4 69. Ka1 c4 70. bxc4+ Kxc4 71. Rh1 Rh4 72. Kb1 Kc3 73.
Rc1+ Kd2 74. Rh1 1/2-1/2

[Event "Gaprindashvili Cup 2014"]
[Site "Tbilisi GEO"]
[Date "2014.09.13"]
[Round "5.3"]
[White "Fier, Alexandr"]
[Black "Arabidze, Meri"]
[Result "1-0"]
[WhiteTitle "GM"]
[BlackTitle "IM"]
[WhiteElo "2579"]
[BlackElo "2411"]
[WhiteFideId "2107139"]
[BlackFideId "13604040"]
[EventDate "2014.09.09"]

1. d4 f5 2. Nc3 Nf6 3. Bg5 d5 4. f3 Nc6 5. Qd2 e6 6. a3 Be7 7. e3 O-O 8. Nge2
Nh5 9. Bxe7 Qxe7 10. O-O-O Rd8 11. g4 Nf6 12. gxf5 exf5 13. Nf4 Na5 14. Rg1 c6
15. Bd3 b5 16. Ncxd5 cxd5 17. Qxa5 Qxe3+ 18. Kb1 Bd7 19. Qc7 Ne8 20. Qe5 Qxe5
21. dxe5 Nc7 22. Nh5 g6 23. Nf6+ Kf7 24. Nxh7 Rh8 25. Ng5+ Ke7 26. h3 Rh4 27. c3
a5 28. Kc2 Rc8 29. Kd2 Be8 30. Ke3 Ne6 31. Bf1 b4 32. Nxe6 Kxe6 33. Rd4 Rxd4 34.
Kxd4 bxc3 35. bxc3 Rb8 36. Bd3 Rb2 37. Rb1 Rf2 38. Rb6+ Ke7 39. Rb7+ Kf8 40. Ke3
Ra2 41. e6 Rxa3 42. Kd4 a4 43. Ke5 Rxc3 44. Kf6 Rc8 45. Rg7 Rc6 46. Ra7 Rc8 47.
h4 Kg8 48. h5 gxh5 49. Bxf5 d4 50. Rg7+ Kh8 51. Rh7+ Kg8 52. Rh6 Rc7 53. Bg6
Bxg6 54. Rxg6+ Kf8 55. Rh6 Kg8 56. Rxh5 Ra7 57. Rd5 Ra6 58. Rd8+ Kh7 59. Kf7 a3
60. e7 Ra7 61. Kf8 1-0

[Event "Gaprindashvili Cup 2014"]
[Site "Tbilisi GEO"]
[Date "2014.09.13"]
[Round "5.4"]
[White "Baryshpolets, Andrey"]
[Black "Shahinyan, David"]
[Result "1-0"]
[WhiteTitle "GM"]
[BlackTitle "FM"]
[WhiteElo "2540"]
[BlackElo "2383"]
[WhiteFideId "14117207"]
[BlackFideId "13304380"]
[EventDate "2014.09.09"]

1. Nf3 Nf6 2. c4 e6 3. g3 c5 4. Bg2 Nc6 5. O-O Be7 6. d4 cxd4 7. Nxd4 O-O 8. Nc3
a6 9. Bf4 Nxd4 10. Qxd4 d6 11. Qd3 Qc7 12. Rfd1 Rd8 13. Rac1 e5 14. Bg5 Be6 15.
Bxf6 Bxf6 16. Nd5 Bxd5 17. Bxd5 Rac8 18. Qe4 Rd7 19. Rc3 g6 20. h4 Kg7 21. h5
Bg5 22. Qg4 Qd8 23. Kg2 b5 24. hxg6 hxg6 25. Rh1 Rdc7 26. Qh3 Qh8 27. Qg4 Qd8
28. Qh3 Qh8 29. Qxh8+ Rxh8 30. Rxh8 b4 31. Ra8 bxc3 32. bxc3 Bc1 33. Rxa6 Rd7
34. Bc6 Re7 35. Bb5 Bb2 36. Rxd6 Bxc3 37. c5 Bb4 38. Rd5 Rc7 39. c6 Kf6 40. a4
Ke6 41. Rd1 Ke7 42. Kf3 f5 43. e3 Ra7 44. Rh1 Kf6 45. Rh8 Ba5 46. Ke2 Ke6 47.
Rb8 Bc7 48. Rg8 Kf7 49. Bc4+ Kf6 50. Rf8+ Ke7 51. Rf7+ Kd6 52. Bb5 Kc5 53. Rg7
f4 54. Rxg6 Ra8 55. Rg7 Kb6 56. g4 1-0

[Event "Gaprindashvili Cup 2014"]
[Site "Tbilisi GEO"]
[Date "2014.09.13"]
[Round "5.5"]
[White "Azaladze, Shota"]
[Black "Chighladze, Iveri"]
[Result "1/2-1/2"]
[WhiteTitle "IM"]
[BlackTitle "IM"]
[WhiteElo "2498"]
[BlackElo "2351"]
[WhiteFideId "13603027"]
[BlackFideId "13602039"]
[EventDate "2014.09.09"]

1. Nf3 Nf6 2. g3 d5 3. Bg2 c5 4. O-O Nc6 5. d4 e6 6. c4 dxc4 7. dxc5 Qxd1 8.
Rxd1 Bxc5 9. Nbd2 c3 10. bxc3 O-O 11. Nb3 Be7 12. c4 Bd7 13. Bg5 Rfd8 14. Nfd4
h6 15. Nxc6 Bxc6 16. Bxc6 bxc6 17. Rxd8+ Rxd8 18. Be3 Ne4 19. Rc1 Bb4 20. Kg2 a5
21. Bb6 Ra8 22. c5 e5 23. Rc4 Nf6 24. Bxa5 Ba3 25. Bc7 Nd7 26. Bd6 f6 27. f4 g6
28. e4 Kf7 29. f5 g5 30. Kf3 h5 31. Ke2 Ke8 32. Kd3 Kd8 33. Kc2 Ra7 34. h3 Ra8
35. g4 h4 36. Kd3 Ra7 37. Kd2 Ra8 38. Rc2 Ra4 39. Kd3 Ke8 40. Bc7 Ra7 41. Bd6
Ra4 42. Bc7 Ra7 43. Bb6 Ra6 44. Rc4 Nxb6 45. cxb6 Kd7 46. Kc3 Bd6 47. a4 Rxb6
48. a5 Ra6 49. Ra4 c5 50. Kc4 Kc6 51. Ra1 Be7 52. Rd1 Ra8 53. Rc1 Ra6 54. Ra1
Bd6 55. Ra2 Be7 56. Rd2 Bd6 57. Ra2 Bc7 58. Nc1 Bd6 59. Nd3 Be7 60. Nf2 Bd8 1/2-1/2

[Event "Gaprindashvili Cup 2014"]
[Site "Tbilisi GEO"]
[Date "2014.09.13"]
[Round "5.6"]
[White "Petrosyan, Tigran S."]
[Black "Arzumanyan, Hovhannes"]
[Result "1-0"]
[WhiteTitle "FM"]
[WhiteElo "2422"]
[BlackElo "2137"]
[WhiteFideId "13303678"]
[BlackFideId "13303120"]
[EventDate "2014.09.09"]

1. d4 d5 2. c4 e6 3. Nf3 Nf6 4. g3 Be7 5. Bg2 O-O 6. O-O Nbd7 7. Nbd2 c5 8. cxd5
Nxd5 9. e4 Nc7 10. Nc4 Nb6 11. Nxb6 axb6 12. Be3 Bd7 13. Qd2 Bc6 14. Ne5 cxd4
15. Qxd4 Qxd4 16. Bxd4 Bc5 17. Bxc5 bxc5 18. Rfc1 Ra5 19. Nxc6 bxc6 20. Rc3 Rfa8
21. a3 e5 22. Bh3 Rb8 23. b3 Kf8 24. a4 Ke7 25. Rac1 Rb4 26. f3 Kd6 27. Kf2 Rd4
28. Ke3 Na6 29. f4 exf4+ 30. gxf4 Nb4 31. Bf1 f6 32. Rc4 Rxc4 33. Bxc4 Ra8 34.
h4 Re8 35. Rd1+ Kc7 36. Rd2 Re7 37. h5 h6 38. Kf3 Kb6 39. Re2 Na6 40. e5 fxe5
41. fxe5 Nc7 42. Ke4 Rd7 43. Kf5 Nd5 44. Bxd5 cxd5 45. e6 Re7 46. Ke5 Kc6 47.
Rf2 d4 48. Rf7 Rc7 49. e7 1-0

[Event "Gaprindashvili Cup 2014"]
[Site "Tbilisi GEO"]
[Date "2014.09.13"]
[Round "5.7"]
[White "Charkhalashvili, Inga"]
[Black "Onischuk, Vladimir"]
[Result "0-1"]
[WhiteTitle "WGM"]
[BlackTitle "GM"]
[WhiteElo "2328"]
[BlackElo "2593"]
[WhiteFideId "13601431"]
[BlackFideId "14114038"]
[EventDate "2014.09.09"]

1. d4 Nf6 2. c4 c5 3. d5 b5 4. cxb5 a6 5. b6 e6 6. Nc3 Nxd5 7. Nxd5 exd5 8. Qxd5
Nc6 9. Nf3 Rb8 10. Ne5 Qf6 11. Nxc6 dxc6 12. Qe4+ Be7 13. Qf4 Qxf4 14. Bxf4 Rxb6
15. Be5 Bf6 16. Bxf6 gxf6 17. b3 c4 18. bxc4 Ke7 19. g3 Kd6 20. c5+ Kxc5 21.
Rc1+ Kd6 22. Bg2 Be6 23. a3 c5 24. O-O c4 25. f4 f5 26. g4 Rc8 27. Rfd1+ Ke7 28.
gxf5 Bxf5 29. Rc3 Rb3 30. Rdc1 Be6 31. Kf2 Kd6 32. Ke3 Rxc3+ 33. Rxc3 Kc5 34.
Be4 Re8 35. Kd2 Rd8+ 36. Ke3 h5 37. f5 Bd5 38. Bc2 f6 39. Kd2 Bf7+ 40. Kc1 Kd4
41. Rh3 Rg8 42. Kd2 Rg4 43. Bd1 Ke5 44. Bc2 h4 45. Re3+ Kd6 46. Be4 a5 47. Bc2
Bd5 48. Rh3 Kc5 49. Bd1 Rd4+ 50. Kc1 Bg2 51. Re3 Re4 52. Rc3 Re5 53. Bb3 Bd5 54.
Bc2 Rxe2 55. Rh3 Be4 56. Bd1 Rf2 57. Rxh4 Kd4 58. Rh8 Kc3 59. h4 Ra2 0-1

[Event "Gaprindashvili Cup 2014"]
[Site "Tbilisi GEO"]
[Date "2014.09.14"]
[Round "6.1"]
[White "Pantsulaia, Levan"]
[Black "Fier, Alexandr"]
[Result "1/2-1/2"]
[WhiteTitle "GM"]
[BlackTitle "GM"]
[WhiteElo "2590"]
[BlackElo "2579"]
[WhiteFideId "13602071"]
[BlackFideId "2107139"]
[EventDate "2014.09.09"]

1. Nf3 c5 2. c4 Nf6 3. g3 d5 4. Bg2 Nc6 5. cxd5 Nxd5 6. Nc3 g6 7. O-O Bg7 8.
Nxd5 Qxd5 9. d3 O-O 10. Be3 Bxb2 11. Rb1 Bf6 12. Qa4 Qd7 13. Bxc5 b6 14. Bxb6
Nd4 15. Qd1 axb6 16. Nxd4 Rxa2 17. Nc6 Qd6 18. d4 Bd7 19. Rxb6 Bxc6 20. Rxc6
Qxd4 21. Qxd4 Bxd4 22. Bf3 1/2-1/2

[Event "Gaprindashvili Cup 2014"]
[Site "Tbilisi GEO"]
[Date "2014.09.14"]
[Round "6.2"]
[White "Baryshpolets, Andrey"]
[Black "Paichadze, Luka"]
[Result "1/2-1/2"]
[WhiteTitle "GM"]
[BlackTitle "GM"]
[WhiteElo "2540"]
[BlackElo "2543"]
[WhiteFideId "14117207"]
[BlackFideId "13602934"]
[EventDate "2014.09.09"]

1. Nf3 e6 2. c4 f5 3. g3 Nf6 4. Bg2 Be7 5. O-O O-O 6. Nc3 c6 7. d4 d5 8. Qc2 Bd7
9. Rb1 Be8 10. b4 dxc4 11. b5 cxb5 12. Ng5 Qc8 13. Nxb5 Bc6 14. Qxc4 Bxg2 15.
Qxc8 Rxc8 16. Kxg2 a6 17. Ba3 axb5 18. Bxe7 Nd5 19. Bd6 Nc3 20. Rb3 Rc6 21. Bxb8
Rxb8 22. Nxe6 Rxe6 23. Rxc3 Rxe2 24. Rb1 Rxa2 25. Rxb5 Ra4 26. Rd5 b5 27. Rc7
Ra6 28. Rxf5 Rf6 29. Rxf6 gxf6 30. Kf3 b4 31. Ke3 b3 32. Rc1 Kf7 33. Kd3 Ke6 34.
Rb1 Kd5 35. Kc3 h5 36. f4 Rc8+ 37. Kd3 Rb8 38. Kc3 Rc8+ 39. Kd3 Rb8 40. Rb2 Rb7
41. Kc3 Rc7+ 42. Kd3 1/2-1/2

[Event "Gaprindashvili Cup 2014"]
[Site "Tbilisi GEO"]
[Date "2014.09.14"]
[Round "6.3"]
[White "Shanava, Konstantine"]
[Black "Petrosyan, Tigran S."]
[Result "1/2-1/2"]
[WhiteTitle "GM"]
[BlackTitle "FM"]
[WhiteElo "2550"]
[BlackElo "2422"]
[WhiteFideId "13601784"]
[BlackFideId "13303678"]
[EventDate "2014.09.09"]

1. e4 e5 2. Nc3 Nf6 3. g3 d5 4. exd5 Nxd5 5. Bg2 Nxc3 6. bxc3 Bc5 7. Ne2 Nc6 8.
O-O O-O 9. Rb1 Re8 10. d3 Bb6 11. Be3 Qd6 12. c4 Bg4 13. h3 Bxe2 14. Qxe2 Nd4
15. Qd2 Rab8 16. Kh2 Ne6 17. a4 Re7 18. a5 Bxe3 19. fxe3 c6 20. Qb4 Rd8 21. a6
c5 22. Qc3 b6 23. Rf5 Nc7 24. Qa1 f6 25. Rbf1 Rf7 26. h4 g6 27. R5f2 Rdf8 28. h5
gxh5 29. Be4 Rg7 30. Qd1 Rg5 31. Rf5 h6 32. Qf3 Kg7 33. Rh1 Qe7 34. Kg2 Qe8 35.
Qe2 Rh8 36. Rhf1 Rf8 37. R1f2 Ne6 38. Kh2 Rxf5 39. Bxf5 Ng5 40. e4 Qf7 41. Rf1
Ne6 42. Bxe6 Qxe6 43. Qxh5 Qe8 44. Qh3 Qc8 45. Qh5 Qe8 46. Qh4 Qc8 47. Kg2 Qe8
48. Qg4+ Qg6 49. Qe2 Kh7 50. Rf5 Kg7 51. Qf3 Rf7 52. Kf2 Rf8 53. Ke2 Rf7 54. Rh5
Kh7 55. Kf2 Rg7 56. Qf5 Rg8 57. Kf3 Rb8 58. Qh3 Rg8 59. Qd7+ Qg7 60. Qf5+ Kh8
61. Qh3 Kh7 62. c3 Rd8 63. Ke3 Rg8 64. Kd2 Qg6 65. Kc2 Rd8 66. Qh2 Kg7 67. Qh4
Rg8 68. Qh3 Kh7 69. Kb3 Rd8 70. g4 Kg7 71. Qe3 Rd6 72. Rh3 Rd8 73. Qf3 Qg5 74.
Kc2 Qg6 75. Qf5 Qe8 76. Qh5 Qa4+ 77. Kb2 Rh8 78. Qf5 Qc6 79. Kc1 Qd6 80. Kd2 Rd8
81. Rf3 Qe7 82. Kc2 Rf8 83. Rh3 Qd6 84. Rh1 Rd8 85. Qf3 Qc6 86. Kd2 Qe6 87. Ke2
Qd6 88. Rh2 Qd7 89. Qh3 Kf7 90. Qh5+ Ke7 91. Rh3 b5 92. cxb5 c4 93. d4 Qxb5 94.
Qxh6 exd4 95. Qh7+ Ke6 96. Qf5+ Qxf5 97. exf5+ Ke5 98. cxd4+ Rxd4 99. Rh7 Rxg4
100. Rxa7 Rg2+ 101. Ke3 Rg3+ 102. Kd2 Rd3+ 103. Kc2 Ra3 104. Kb2 Ra4 105. Kc3
Kxf5 106. Ra8 Kf4 107. a7 f5 108. Kd4 1/2-1/2

[Event "Gaprindashvili Cup 2014"]
[Site "Tbilisi GEO"]
[Date "2014.09.14"]
[Round "6.4"]
[White "Babujian, Levon"]
[Black "Hovhannisyan, Robert"]
[Result "0-1"]
[WhiteTitle "GM"]
[BlackTitle "GM"]
[WhiteElo "2484"]
[BlackElo "2592"]
[WhiteFideId "13301993"]
[BlackFideId "13302507"]
[EventDate "2014.09.09"]

1. d4 Nf6 2. c4 e6 3. Nc3 Bb4 4. Nf3 O-O 5. Bg5 c5 6. Rc1 h6 7. Bh4 cxd4 8. Nxd4
d5 9. e3 e5 10. Nf3 d4 11. exd4 exd4 12. Qxd4 g5 13. Bg3 Re8+ 14. Be2 Qe7 15.
Qe5 Nc6 16. Qxe7 Rxe7 17. Kf1 Bxc3 18. bxc3 Bf5 19. Bd6 Re6 20. c5 Ne4 21. Bc4
Rf6 22. Rd1 Rd8 23. Nd4 Nxd4 24. Rxd4 Nxd6 25. Be2 b6 26. cxd6 Rfxd6 27. Rxd6
Rxd6 28. Ke1 Bd3 29. Bd1 Bc4 30. a3 b5 31. h4 Ra6 32. hxg5 hxg5 33. Rh5 f6 34.
Bc2 Rxa3 35. Bh7+ Kf8 36. Bf5 a5 37. Rh8+ Ke7 38. Ra8 a4 39. Kd2 Kd6 40. g4 Ra1
41. Ra6+ Ke5 42. Ra5 a3 43. Bh7 0-1

[Event "Gaprindashvili Cup 2014"]
[Site "Tbilisi GEO"]
[Date "2014.09.14"]
[Round "6.5"]
[White "Onischuk, Vladimir"]
[Black "Hayrapetyan, Hovik"]
[Result "1/2-1/2"]
[WhiteTitle "GM"]
[BlackTitle "GM"]
[WhiteElo "2593"]
[BlackElo "2438"]
[WhiteFideId "14114038"]
[BlackFideId "13302639"]
[EventDate "2014.09.09"]

1. e4 c5 2. Nc3 e6 3. Nge2 a6 4. d4 cxd4 5. Nxd4 Qc7 6. Be2 Nf6 7. O-O Nc6 8.
Be3 b5 9. Nxc6 dxc6 10. f4 Bb7 11. e5 Nd5 12. Nxd5 cxd5 13. Bd3 Bc5 14. Bxc5
Qxc5+ 15. Kh1 g6 16. Qg4 Bc6 17. Qh4 Qe7 18. Qf2 Qa7 19. Qd2 a5 20. a3 h5 21. h3
h4 22. Kh2 Qe7 23. b4 a4 24. Qc3 Kd7 25. Qd4 Kc7 26. Kg1 Kb7 27. Kf2 Rac8 28.
Ke3 Qc7 29. Rf2 Qb6 30. Re1 Bd7 31. Qxb6+ Kxb6 32. Kd4 Rc7 33. Ra1 Rcc8 34. Rf3
Rc7 35. Rc1 Rc6 36. Re3 Rhc8 37. c3 Rd8 38. Re2 Bc8 39. Rd2 Bb7 40. Be2 Ba6 41.
Rg1 Rdc8 42. Rc2 Kc7 43. g4 hxg3 44. Rxg3 Rh8 45. Bf1 Kb6 46. Rh2 Rcc8 47. h4
Rh6 48. Be2 Rch8 49. h5 gxh5 50. Rh4 f5 51. exf6 Rxf6 52. Rg5 Rhf8 53. Ke5 R6f7
54. Rgxh5 Rc7 55. Rh3 Bc8 56. Rf3 Rc6 57. Rg3 Bb7 58. Re3 Bc8 59. Reh3 Rf7 60.
Rg3 Rfc7 61. Kd4 Rf7 62. Rh4 Rfc7 63. Rh8 Rf7 64. Rf3 Rg7 65. Bf1 Rf7 66. Rd8
Rf5 67. Re8 Rh5 68. Rf2 Rh4 69. Rd8 Rg4 70. Bd3 Rg1 71. Rf1 Rg4 72. Rf8 Rg7 73.
Rd8 Rg4 74. Rf8 Rg7 75. Re1 Rgc7 76. Rc1 Rg7 77. Rd8 Rg4 78. Rf8 Rg7 79. Be2 Rg2
80. Re1 Rg7 81. Rd8 Rgc7 82. Rc1 Rg7 83. Rf1 Rg2 84. Bd3 1/2-1/2

[Event "Gaprindashvili Cup 2014"]
[Site "Tbilisi GEO"]
[Date "2014.09.14"]
[Round "6.6"]
[White "Lomineishvili, Maia"]
[Black "Azaladze, Shota"]
[Result "1/2-1/2"]
[WhiteTitle "IM"]
[BlackTitle "IM"]
[WhiteElo "2366"]
[BlackElo "2498"]
[WhiteFideId "13600656"]
[BlackFideId "13603027"]
[EventDate "2014.09.09"]

1. d4 Nf6 2. c4 g6 3. Nc3 c5 4. d5 Bg7 5. e4 O-O 6. Bd3 e6 7. h3 exd5 8. exd5
Re8+ 9. Nge2 d6 10. O-O Nbd7 11. f4 a6 12. a4 Nh5 13. g4 Qh4 14. gxh5 Qxh3 15.
Ne4 Nf6 16. Nf2 Qh4 17. f5 Nxh5 18. Kg2 Rxe2 19. Qxe2 Qg3+ 20. Kh1 Qh4+ 21. Kg2
Qg3+ 22. Kh1 1/2-1/2

[Event "Gaprindashvili Cup 2014"]
[Site "Tbilisi GEO"]
[Date "2014.09.14"]
[Round "6.7"]
[White "Chighladze, Iveri"]
[Black "Khurtsidze, Nino"]
[Result "0-1"]
[WhiteTitle "IM"]
[BlackTitle "IM"]
[WhiteElo "2351"]
[BlackElo "2467"]
[WhiteFideId "13602039"]
[BlackFideId "13600320"]
[EventDate "2014.09.09"]

1. d4 d6 2. Nf3 g6 3. c4 Bg7 4. Nc3 e5 5. dxe5 dxe5 6. Qxd8+ Kxd8 7. Bg5+ f6 8.
O-O-O+ Nd7 9. Bd2 Ne7 10. g3 Nf5 11. Bh3 Nd6 12. b3 Nc5 13. Bg2 Ne6 14. Be3 Ke8
15. Bh3 e4 16. Bxe6 Bxe6 17. Nd4 Kf7 18. Ndb5 Ne8 19. Nxe4 a6 20. Nbc3 b5 21. c5
h6 22. Kc2 f5 23. Nd2 Nf6 24. h3 b4 25. Na4 Bd5 26. Nf3 Rhe8 27. Rhe1 Bc6 28.
Nb2 Be4+ 29. Nd3 Nd5 30. Nd2 Nxe3+ 31. fxe3 Bc3 32. Rf1 Bg2 33. Rf2 Bxh3 34. Rf3
a5 0-1